|
|
|
|
| LEADER |
00000cam a2200000 7i4500 |
| 001 |
0000001300 |
| 005 |
20020312.0 |
| 090 |
0 |
0 |
|a 634.98
|b PRO 1981
|
| 245 |
0 |
4 |
|a The PROBLEMS of utilization of forest and logging residues with special reference to the state of Johor
|
| 260 |
0 |
0 |
|a Kuala Lumpur :
|b Forestry Department ,
|c 1981
|
| 300 |
|
|
|a 112 p. ;
|c 28 cm.
|
| 650 |
0 |
0 |
|a Forest products
|z Johor
|
| 650 |
0 |
0 |
|a Forests and forestry
|z Johor
|
| 998 |
|
|
|a JPSM
|
| 999 |
|
|
|a 0000003136
|b Monograph
|c Open Shelf
|e Default branch
|
| 999 |
|
|
|a 0000005876
|b Monograph
|c Open Shelf
|e Default branch
|